Central Library OPAC University of Rajshahi

Media and society : (Record no. 57577)

MARC details
000 -LEADER
fixed length control field 00883nam a2200265 a 4500
001 - CONTROL NUMBER
control field 57577
003 - CONTROL NUMBER IDENTIFIER
rucl marc code BD-RjUL
005 - DATE AND TIME OF LATEST TRANSACTION
control field 20211209080530.0
008 - FIXED-LENGTH DATA ELEMENTS--GENERAL INFORMATION
fixed length control field 101216s2005 at a b 001 0 eng
020 ## - INTERNATIONAL STANDARD BOOK NUMBER
International Standard Book Number 0195517563
035 ## - SYSTEM CONTROL NUMBER
System control number (BD-RjUL) 57701
040 ## - CATALOGING SOURCE
Original cataloging agency DLC
Transcribing agency DLC
Modifying agency DLC
-- BD-RjUL
Language of cataloging eng
041 ## - LANGUAGE CODE
Language code of text/sound track or separate title eng
082 00 - DEWEY DECIMAL CLASSIFICATION NUMBER
Classification number 302.23
Edition number 23
Author mark and year OSM 2005
100 1# - MAIN ENTRY--PERSONAL NAME
Personal name O'Shaughnessy, Michael,
Dates associated with a name 1951-
9 (RLIN) 170962
245 10 - TITLE STATEMENT
Title Media and society :
Remainder of title an introduction /
Statement of responsibility, etc. Michael O'Shaughnessy and Jane Stadler.
250 ## - EDITION STATEMENT
Edition statement 3rd ed.
260 ## - PUBLICATION, DISTRIBUTION, ETC. (IMPRINT)
Place of publication, distribution, etc. South Melbourne, Vic. ;
-- New York :
Name of publisher, distributor, etc. Oxford University Press,
Date of publication, distribution, etc. c2005.
300 ## - PHYSICAL DESCRIPTION
Pagination xviii, 494 p. :
Illustrations ill. ;
Size 26 cm.
504 ## - BIBLIOGRAPHY, ETC. NOTE
Bibliography, etc Includes bibliographical references (p. 470-484) and index.
650 #0 - SUBJECT ADDED ENTRY--TOPICAL TERM
Topical term or geographic name as entry element Mass media
General subdivision Social aspects.
9 (RLIN) 170795
Topical term or geographic name as entry element Mass media and culture.
9 (RLIN) 170963
700 1# - ADDED ENTRY--PERSONAL NAME
Personal name Stadler, Jane.
942 ## - ADDED ENTRY ELEMENTS (KOHA)
Source of classification or shelving scheme Dewey Decimal Classification
Koha item type Books
Holdings
Lost status Source of classification or shelving scheme Damaged status Not for loan Collection code Permanent Location Current Location Shelving location Date acquired Source of acquisition Cost, normal purchase price Total Checkouts Full call number Date last seen Copy number Koha item type
  Dewey Decimal Classification   Not For Loan Non-fiction Central Library, University of Rajshahi Central Library, University of Rajshahi Reading Room 22/04/2009 Paragon Enterprises Ltd., Dhaka 49.95   302.23 OSM 2005 10/12/2016 C-1 Books